| 000 | 00521nam a2200181Ia 4500 | ||
|---|---|---|---|
| 008 | 240729s9999 xx 000 0 und d | ||
| 022 | _a2624-8921 | ||
| 245 | 0 | _aVehicles | |
| 260 | _aSwitzerland | ||
| 260 | _bMDPI AG | ||
| 650 | _a Machine design and drawing | Technology | ||
| 650 | _a Mechanical engineering and machinery | ||
| 650 | _a Motor vehicles. Aeronautics. Astronautics | ||
| 650 | _aTechnology | ||
| 856 | _uhttps://doaj.org/toc/268736b094104a75a6f8b55d69a72112 | ||
| 942 | _2ddc | ||
| 942 | _cDOAJEJ | ||
| 999 |
_c67566 _d67566 |
||
| 945 |
_a1 _bMadushi Gamage _c1 _dMadushi Gamage |
||